Online
Catalog

Combinación del estudio y el trabajo en la formación de los profesionales de la salud / (Record no. 17111)

MARC details
000 -CABECERA
campo de control de longitud fija 01020nam a2200277 a 4500
001 - NÚMERO DE CONTROL
campo de control 000017586
005 - FECHA Y HORA DE LA ÚLTIMA TRANSACCIÓN
campo de control 20250923111605.0
008 - DATOS DE LONGITUD FIJA--INFORMACIÓN GENERAL
campo de control de longitud fija 100329s1977 dr 000 0 spa d
040 ## - FUENTE DE LA CATALOGACIÓN
Centro catalogador/agencia de origen DO-SdBNP
Lengua de catalogación spa
Centro/agencia transcriptor BNPHU
082 ## - NÚMERO DE LA CLASIFICACIÓN DECIMAL DEWEY
Número de clasificación xxx
Número de documento/Ítem C731e
049 ## - FONDOS LOCALES (OCLC)
Fondos de biblioteca BNPD
245 00 - MENCIÓN DE TÍTULO
Título Combinación del estudio y el trabajo en la formación de los profesionales de la salud /
Mención de responsabilidad, etc. José A. Lloréns Figueroa... [et al.].
260 ## - PUBLICACIÓN, DISTRIBUCIÓN, ETC.
Lugar de publicación, distribución, etc. Santo Domingo :
Nombre del editor, distribuidor, etc. UASD,
Fecha de publicación, distribución, etc. 1977.
300 ## - DESCRIPCIÓN FÍSICA
Extensión 62 p. ;
Dimensiones 21 cm.
490 1# - MENCIÓN DE SERIE
Mención de serie UASD crítica
Designación de volumen o secuencia 12
490 1# - MENCIÓN DE SERIE
Mención de serie Publicaciones de la UASD
Designación de volumen o secuencia 228
500 ## - NOTA GENERAL
Nota general La biblioteca poseeel v. 228
700 1# - PUNTO DE ACCESO ADICIONAL--NOMBRE DE PERSONA
Nombre de persona Lloréns Figueroa, José A.
9 (RLIN) 38350
700 1# - PUNTO DE ACCESO ADICIONAL--NOMBRE DE PERSONA
Nombre de persona Araujo Bernal, Leopoldo
9 (RLIN) 38351
700 1# - PUNTO DE ACCESO ADICIONAL--NOMBRE DE PERSONA
Nombre de persona Douglas Pedroso, Roberto
9 (RLIN) 38352
700 1# - PUNTO DE ACCESO ADICIONAL--NOMBRE DE PERSONA
Nombre de persona Pelayo González-Posada, Eduardo
9 (RLIN) 38353
700 1# - PUNTO DE ACCESO ADICIONAL--NOMBRE DE PERSONA
Nombre de persona Ordóñez Carceller, Cosmo
9 (RLIN) 38354
700 1# - PUNTO DE ACCESO ADICIONAL--NOMBRE DE PERSONA
Nombre de persona Rodríguez Guerra, Emiliano
9 (RLIN) 38355
830 #0 - PUNTO DE ACCESO ADICIONAL DE SERIE-TÍTULO UNIFORME
Título uniforme UASD crítica
Número de parte o sección de la obra 12
9 (RLIN) 38356
830 ## - PUNTO DE ACCESO ADICIONAL DE SERIE-TÍTULO UNIFORME
Título uniforme Publicaciones de la Universidad Autónoma de Santo Domingo
9 (RLIN) 38357
Holdings
Estado de retiro Estado de pérdida No para préstamo Código de colección Localización permanente Ubicación/localización actual Ubicación en estantería Fecha de adquisición Número de inventario Total de préstamos Signatura topográfica completa Código de barras Fecha visto por última vez Precio válido a partir de Tipo de ítem Koha Número de copia
    Excluido de préstamo Patrimonio Dominicano Patrimonio Dominicano Patrimonio Dominicano En catalogación 29.03.2010 LF1   xxx C731e 17586-10 25.06.2020 25.06.2020 Libro y Folleto Colección Patrimonio Dominicano  
    Excluido de préstamo Patrimonio Dominicano Patrimonio Dominicano Patrimonio Dominicano En catalogación 18.04.2011 LF1   xxx C731e 17586-20 25.06.2020 25.06.2020 Libro y Folleto Colección Patrimonio Dominicano e. 2, extraviado
      Patrimonio Dominicano Patrimonio Dominicano Patrimonio Dominicano Orden iniciada 29.03.2010 LF1   xxx C731e 17587-10 25.06.2020 25.06.2020 Libro y Folleto Colección Patrimonio Dominicano  

Powered by Koha